8080/8085 software design /

Guardado en:
Otros Autores: Titus, Christopher A., 1950-
Formato: Libro
Idioma:English
Publicado: Indianapolis, Ind. : H. W. Sams, 1978-79.
Series:Blacksburg continuing education series
Materias:
Etiquetas: Agregar Etiqueta
Sin Etiquetas, Sea el primero en etiquetar este registro!
LEADER 00955cam a22002535a 4500
001 EIQ.libpla003808
008 790110m19789999inua#####b####001#0#eng#d
005 20080319174200.0
245 0 0 |a 8080/8085 software design /  |c by Christopher A. Titus ... [et al.]. 
260 |a Indianapolis, Ind. :  |b H. W. Sams,  |c 1978-79. 
300 |a 2 v. :  |b il. ;  |c 22 cm. 
490 0 |a Blacksburg continuing education series 
504 |a Incluye referencias bibliográficas e índice. 
020 |a 0672215411 (v. 1) 
020 |a 0672216159 (v. 2) 
700 1 |a Titus, Christopher A.,  |d 1950- 
082 0 0 |a 001.6/42 
650 0 |a Intel 8080 (Microprocesador)  |x Programación. 
650 0 |a Intel 8085 (Microprocesador)  |x Programación. 
650 0 |a Intel 8080 (Microprocessor)  |x Programming. 
650 0 |a Intel 8085 (Microprocessor)  |x Programming. 
010 |a  78057207  
040 |a DLC  |c DLC  |d AR-BbSID 
859 |a AR-BbSID  |b BIB. PLAPIQUI  |h 001.642  |i So 23  |p 1265  |v Vol. 2  |3 Vol. 2